000 01177nab a2200241 i 4500
001 768714001
003 CO-MdFUSB
005 20240509145721.0
008 240508t1969 sp ||||| |||| 00| 0 spa d
040 _bspa
_cCO-MdFUSB
_dCO-MdFUSB
041 _aspa
100 _aSauter, Gerhard,
_eautor
245 3 _aEl problema del futuro en el diálogo con los marxistas
_c/ Gerhard Sauter
520 _aLa reflexión sobre el futuro es un fuerte lazo de unión entre la actual teología reformada y católica. Coincidentemente se reconsidera en común la concepción marxista del futuro. A la inversa, aparece hoy el marxismo digno de atención sobre todo por sus perspectivas de futuro; su tradicional imagen de la historia y sus teorías político-económicas pasan a segundo plano.
650 7 _aTeología dogmática
_96937
650 7 _aAteísmo
_97096
650 7 _aEscatología
_9213
653 _aFuturo
653 _aMarxismo
773 0 _049450
_982604
_oR2531
_tRevista internacional de teología Concilium
_w(CO-MdFUSB)8
_x0210-1041
_gNúmero 41, (enero, 1969), páginas: 124 - 134
_qpágina: 124
942 _cANA
945 _aCatherine Arias Alvarez - Practicante SENA
999 _c69620
_d69620